000 00746nam a22001337a 4500
040 _cRUA
082 _aAGR LON 2017 B646 Or.1
100 _aLONG SODANICH ឡុង សុដានិច
245 _acomparison of different rates of urea fertilizer on pak choy ( Brassica chinensis) at royal university of agriculture ការប្រៀប្រាស់កម្រិតជីអ៊ុយរ៉េខុសៗគ្នានៅលើដំណាំស្ពៃតឿ នៅសាកលវិទ្យាល័យភូមិន្ទកសិកម្ម
260 _aRUA
_bPhnom Penh
_c2017
300 _aviii;31p
_bill;
_c29cm
856 _uhttps://drive.google.com/file/d/1P6fLJGoGBS8FWY4N06mnCbZx9StM0SzS/view?usp=sharing
942 _cAGR
999 _c18199
_d18199